000 00432nmm a2200157Ia 4500
008 251105s9999||||xx |||||||||||||||||und||
041 _aspa
100 _aPortero, Raúl
245 0 _aLa vida que soñamos
264 _a[Madrid, España] :
_bEditorial Egales,
_c2014
300 _a141 páginas
490 _aNarrativa
650 _aSpanish narrative
856 _uhttps://public.digitaliapublishing.com/a/160869
942 _cCF
999 _c100004
_d100004